Statistics for Cantons of Switzerland in 1536 with a Map

Click here to take the quiz!

General Stats

  • This quiz has been taken 1,806 times
  • The average score is 20 of 70

Answers on the Map

Answers color-coded by a green-red scale on the quiz's map according to % correct below.
 

Answer Stats

Subdivisions% Correct
Bern
98%
Zurich
93%
Geneva
90%
Basel
80%
Lucerne
68%
Sion
67%
St. Gallen (Imperial Abbey)
64%
St. Gallen (Imperial City)
64%
Neuchâtel
61%
Uri
59%
Fribourg
57%
Schwyz
56%
Zug
56%
Appenzell
53%
Grey League
48%
Lugano
48%
Nidwalden
48%
Obwalden
48%
Schaffhausen
48%
Solothurn
48%
Thurgau
47%
Glarus
46%
Locarno
33%
Bellinzona
31%
Biel
29%
Baden
23%
Mulhouse
22%
Rapperswil
16%
Sargans
16%
Engelberg
15%
Mendrisio
15%
Murten
15%
St. Maurice
15%
Gruyères
14%
League of God's House
14%
Valtellina
14%
Einsiedeln
13%
Rottweil
13%
Bormio
12%
Evian
12%
Gersau
12%
Grandson
12%
League of the Ten Jurisdictions
12%
Urseren
12%
Chiavenna
11%
Freie Ämter
11%
Leventina
11%
Orbe and Échallens
11%
Schwarzenburg
11%
Blenio
10%
Cham
10%
Küssnacht
10%
Moutier-Grandval
10%
Rheintal
10%
Uznach
10%
Vallemaggia
10%
Gams
9%
Gaster
9%
La Neuveville
9%
March
9%
Monthey
9%
Höfe
8%
Riviera
8%
Sax-Forstegg
8%
Bellelay
7%
Lötschental
7%
Tessenberg
7%
Pfäfers
6%
Rheinau
5%
Walchwil
5%

Score Distribution

Percentile by Number Answered

Percent of People with Each Score

Your Score History

You have not taken this quiz